00697nam a2200181 a 450000100100000000500170001000800410002702000150006804000250008310000270010824500800013526000440021530000210025950000700028050000420035095201060039299900170049800004055420201002034217.0130911s1999 sp a 000 0 spa d a0865815577 aDO-SdBNPbspacBNPHU1 aCirlot, Lourdes96687813aPrimeras vanguardias artísticas :btextos y documentos /cLourdes Cirlot. aBarcelona :bPersifal Ediciones,c1999. a319 p. ;c22 cm. aIncluye datos biográficos del autor en la solapa de la cubierta aIncluye notas al pie de las páginas 0010507-18MOaGRbGRcOId2013-08-30iLF1l0o p40554-10r2020-06-25w2020-06-25y1ZNo se presta c40044d40044